00289nam a2200109Ia 4500008004100000041000800041082001300049100001400062245006600076260002900142300000800171230627s9999 xx 000 0 und d aeng a342bJOS aJoshi.K.C aThe Employees Provident Funds Miscell Onedus Prosion Act 1952 bCentral Law Agencyc1979 a32p